Pierścienie Układu Słonecznego - Statystyki

Ogólne statystyki
  • Ten quiz został rozwiązany 6 razy
  • Średni wynik to 5 z 8
Statystyki odpowiedzi
Ilość pierścieni Obiekt % Poprawnych
4 Jowisz
100%
5 Neptun
100%
Setki Saturn
100%
13 Uran
100%
1 Haumea
40%
2 Chariklo
20%
3-4 Chiron
20%
2 Quaoar
20%
Nie znaleziono quizów pasujących do podanych kryteriów
Rozkład punktacji
Procent ludzi z każdym wynikiem
Percentyl według liczby udzielonych odpowiedzi
Twoja historia wyników
Nie rozwiązałeś tego quizu